header

Silverlight 4 data and services cookbook (Record no. 245151)

MARC details
000 -LEADER
fixed length control field 01454nam a2200349 a 4500
100 1# - MAIN ENTRY--AUTHOR NAME
Personal name Cleeren, Gill.
245 10 - TITLE STATEMENT
Title Silverlight 4 data and services cookbook
260 ## - PUBLICATION, DISTRIBUTION, ETC. (IMPRINT)
Place of publication Birmingham, U.K. :
Name of publisher Packt Enterprise,
Year of publication 2010.
300 ## - PHYSICAL DESCRIPTION
Number of Pages iv, 462 p. :
Other physical details col. ill.
500 ## - GENERAL NOTE
General note Includes index.
650 #0 - SUBJECT ADDED ENTRY--TOPICAL TERM
Topical Term Multimedia systems.
Topical Term Web sites
Topical Term Application software
Topical Term Web site development
700 1# - ADDED ENTRY--PERSONAL NAME
Personal name Dockx, Kevin.
856 40 - ELECTRONIC LOCATION AND ACCESS
Uniform Resource Identifier http://site.ebrary.com/lib/rucke/Doc?id=10439346

No items available.

© 2026 Rongo University
Contact us: librarian | system librarian | Rongo university